Statistics for Speed Clicking Challenge

Click here to take the quiz!

General Stats

  • This quiz has been taken 564 times
  • The average score is 373 of 1000

Answer Stats

HintAnswer% Correct
1Click
99%
7Click
98%
10Click
98%
9Click
98%
8Click
98%
2Click
98%
6Click
98%
4Click
98%
3Click
98%
5Click
98%
11Click
97%
12Click
97%
13Click
97%
14Click
97%
15Click
97%
16Click
97%
17Click
97%
20Click
96%
19Click
96%
18Click
96%
21Click
95%
22Click
95%
23Click
95%
24Click
95%
25Click
94%
26Click
94%
33Click
93%
38Click
93%
36Click
93%
35Click
93%
34Click
93%
27Click
93%
32Click
93%
31Click
93%
30Click
93%
29Click
93%
28Click
93%
49Click
92%
57Click
92%
56Click
92%
55Click
92%
54Click
92%
53Click
92%
52Click
92%
51Click
92%
50Click
92%
37Click
92%
48Click
92%
42Click
92%
47Click
92%
40Click
92%
41Click
92%
39Click
92%
43Click
92%
44Click
92%
45Click
92%
46Click
92%
58Click
91%
59Click
91%
60Click
91%
61Click
91%
68Click
90%
77Click
90%
76Click
90%
71Click
90%
70Click
90%
69Click
90%
67Click
90%
64Click
90%
66Click
90%
65Click
90%
62Click
90%
63Click
90%
80Click
89%
79Click
89%
78Click
89%
75Click
89%
74Click
89%
73Click
89%
72Click
89%
89Click
88%
95Click
88%
94Click
88%
93Click
88%
92Click
88%
91Click
88%
90Click
88%
84Click
88%
88Click
88%
87Click
88%
86Click
88%
85Click
88%
83Click
88%
82Click
88%
81Click
88%
102Click
87%
106Click
87%
105Click
87%
104Click
87%
103Click
87%
100Click
87%
101Click
87%
99Click
87%
98Click
87%
97Click
87%
96Click
87%
111Click
86%
114Click
86%
113Click
86%
112Click
86%
110Click
86%
109Click
86%
108Click
86%
107Click
86%
142Click
85%
136Click
85%
137Click
85%
138Click
85%
139Click
85%
140Click
85%
141Click
85%
148Click
85%
143Click
85%
144Click
85%
145Click
85%
146Click
85%
147Click
85%
134Click
85%
149Click
85%
150Click
85%
135Click
85%
129Click
85%
133Click
85%
122Click
85%
132Click
85%
115Click
85%
116Click
85%
117Click
85%
119Click
85%
120Click
85%
121Click
85%
126Click
85%
123Click
85%
125Click
85%
131Click
85%
124Click
85%
127Click
85%
128Click
85%
130Click
85%
156Click
84%
160Click
84%
159Click
84%
158Click
84%
157Click
84%
154Click
84%
155Click
84%
153Click
84%
152Click
84%
151Click
84%
118Click
84%
166Click
83%
177Click
83%
176Click
83%
167Click
83%
161Click
83%
165Click
83%
164Click
83%
163Click
83%
162Click
83%
188Click
82%
187Click
82%
186Click
82%
185Click
82%
184Click
82%
183Click
82%
182Click
82%
180Click
82%
181Click
82%
169Click
82%
179Click
82%
178Click
82%
175Click
82%
174Click
82%
173Click
82%
172Click
82%
171Click
82%
170Click
82%
168Click
82%
202Click
81%
201Click
81%
200Click
81%
205Click
81%
199Click
81%
198Click
81%
197Click
81%
196Click
81%
190Click
81%
195Click
81%
189Click
81%
192Click
81%
191Click
81%
194Click
81%
193Click
81%
209Click
80%
212Click
80%
211Click
80%
210Click
80%
208Click
80%
207Click
80%
206Click
80%
204Click
80%
203Click
80%
221Click
79%
228Click
79%
227Click
79%
225Click
79%
223Click
79%
222Click
79%
226Click
79%
220Click
79%
214Click
79%
219Click
79%
213Click
79%
224Click
79%
215Click
79%
217Click
79%
218Click
79%
216Click
79%
229Click
78%
230Click
78%
231Click
78%
232Click
78%
233Click
78%
234Click
77%
235Click
77%
240Click
76%
242Click
76%
241Click
76%
238Click
76%
239Click
76%
237Click
76%
236Click
76%
243Click
75%
244Click
75%
245Click
75%
246Click
75%
247Click
75%
248Click
75%
249Click
75%
250Click
75%
253Click
74%
254Click
74%
252Click
74%
251Click
74%
255Click
73%
257Click
73%
256Click
73%
265Click
72%
258Click
72%
259Click
72%
260Click
72%
261Click
72%
267Click
71%
264Click
71%
262Click
71%
263Click
71%
269Click
70%
268Click
70%
266Click
70%
270Click
69%
271Click
68%
273Click
67%
274Click
67%
272Click
67%
275Click
66%
276Click
66%
277Click
66%
278Click
66%
279Click
66%
283Click
65%
284Click
65%
282Click
65%
281Click
65%
280Click
65%
285Click
64%
286Click
64%
287Click
64%
288Click
64%
289Click
63%
290Click
63%
291Click
63%
293Click
63%
292Click
62%
294Click
62%
295Click
62%
299Click
61%
298Click
61%
296Click
61%
297Click
61%
300Click
60%
301Click
59%
302Click
58%
303Click
58%
304Click
57%
305Click
57%
309Click
55%
310Click
55%
306Click
55%
308Click
55%
307Click
55%
311Click
53%
312Click
53%
313Click
52%
314Click
52%
315Click
51%
316Click
50%
317Click
50%
318Click
50%
319Click
49%
320Click
49%
321Click
49%
322Click
48%
323Click
48%
324Click
48%
325Click
48%
326Click
46%
327Click
46%
328Click
46%
329Click
46%
330Click
46%
331Click
45%
332Click
44%
333Click
44%
334Click
44%
335Click
43%
336Click
43%
337Click
43%
338Click
43%
340Click
43%
339Click
42%
341Click
42%
342Click
42%
343Click
41%
344Click
41%
345Click
41%
346Click
40%
347Click
40%
350Click
39%
348Click
39%
349Click
38%
351Click
38%
352Click
38%
353Click
38%
354Click
38%
360Click
37%
364Click
37%
363Click
37%
361Click
37%
362Click
37%
359Click
37%
358Click
37%
357Click
37%
356Click
37%
355Click
37%
365Click
36%
366Click
36%
368Click
35%
367Click
35%
369Click
34%
370Click
34%
371Click
33%
372Click
32%
373Click
32%
374Click
32%
379Click
30%
381Click
30%
380Click
30%
378Click
30%
375Click
30%
376Click
30%
377Click
30%
382Click
29%
383Click
29%
384Click
29%
385Click
29%
386Click
29%
387Click
29%
388Click
29%
395Click
28%
399Click
28%
398Click
28%
397Click
28%
396Click
28%
394Click
28%
393Click
28%
389Click
28%
392Click
28%
391Click
28%
390Click
28%
400Click
27%
407Click
26%
406Click
26%
405Click
26%
404Click
26%
403Click
26%
402Click
26%
401Click
26%
423Click
25%
417Click
25%
422Click
25%
421Click
25%
420Click
25%
419Click
25%
418Click
25%
409Click
25%
416Click
25%
414Click
25%
413Click
25%
412Click
25%
411Click
25%
410Click
25%
408Click
25%
415Click
25%
433Click
24%
439Click
24%
438Click
24%
437Click
24%
436Click
24%
435Click
24%
434Click
24%
428Click
24%
432Click
24%
431Click
24%
430Click
24%
429Click
24%
427Click
24%
426Click
24%
425Click
24%
424Click
24%
443Click
23%
442Click
23%
441Click
23%
440Click
23%
453Click
22%
461Click
22%
460Click
22%
459Click
22%
458Click
22%
457Click
22%
455Click
22%
454Click
22%
456Click
22%
452Click
22%
450Click
22%
444Click
22%
449Click
22%
448Click
22%
447Click
22%
446Click
22%
445Click
22%
451Click
22%
477Click
21%
475Click
21%
476Click
21%
481Click
21%
478Click
21%
479Click
21%
480Click
21%
472Click
21%
473Click
21%
474Click
21%
471Click
21%
465Click
21%
470Click
21%
463Click
21%
464Click
21%
462Click
21%
466Click
21%
467Click
21%
468Click
21%
469Click
21%
492Click
20%
500Click
20%
499Click
20%
498Click
20%
497Click
20%
496Click
20%
495Click
20%
494Click
20%
493Click
20%
489Click
20%
491Click
20%
490Click
20%
488Click
20%
487Click
20%
486Click
20%
485Click
20%
484Click
20%
483Click
20%
482Click
20%
508Click
18%
513Click
18%
512Click
18%
511Click
18%
510Click
18%
509Click
18%
501Click
18%
507Click
18%
505Click
18%
504Click
18%
503Click
18%
502Click
18%
506Click
18%
520Click
17%
523Click
17%
522Click
17%
521Click
17%
524Click
17%
519Click
17%
517Click
17%
516Click
17%
515Click
17%
514Click
17%
518Click
17%
528Click
16%
530Click
16%
529Click
16%
527Click
16%
526Click
16%
525Click
16%
541Click
15%
550Click
15%
549Click
15%
548Click
15%
547Click
15%
546Click
15%
545Click
15%
544Click
15%
543Click
15%
542Click
15%
540Click
15%
539Click
15%
538Click
15%
537Click
15%
536Click
15%
535Click
15%
534Click
15%
533Click
15%
532Click
15%
531Click
15%
585Click
14%
589Click
14%
588Click
14%
587Click
14%
586Click
14%
580Click
14%
584Click
14%
583Click
14%
582Click
14%
581Click
14%
591Click
14%
590Click
14%
596Click
14%
592Click
14%
593Click
14%
594Click
14%
595Click
14%
578Click
14%
597Click
14%
598Click
14%
599Click
14%
600Click
14%
601Click
14%
602Click
14%
603Click
14%
579Click
14%
572Click
14%
577Click
14%
562Click
14%
576Click
14%
551Click
14%
552Click
14%
553Click
14%
554Click
14%
555Click
14%
556Click
14%
558Click
14%
559Click
14%
560Click
14%
561Click
14%
557Click
14%
563Click
14%
570Click
14%
575Click
14%
564Click
14%
574Click
14%
573Click
14%
571Click
14%
569Click
14%
568Click
14%
567Click
14%
566Click
14%
565Click
14%
653Click
13%
648Click
13%
652Click
13%
651Click
13%
650Click
13%
649Click
13%
642Click
13%
647Click
13%
646Click
13%
645Click
13%
644Click
13%
643Click
13%
641Click
13%
655Click
13%
654Click
13%
669Click
13%
656Click
13%
665Click
13%
639Click
13%
671Click
13%
670Click
13%
668Click
13%
667Click
13%
666Click
13%
664Click
13%
657Click
13%
663Click
13%
662Click
13%
661Click
13%
660Click
13%
659Click
13%
658Click
13%
640Click
13%
609Click
13%
638Click
13%
612Click
13%
618Click
13%
617Click
13%
616Click
13%
615Click
13%
614Click
13%
613Click
13%
611Click
13%
620Click
13%
610Click
13%
608Click
13%
607Click
13%
606Click
13%
605Click
13%
637Click
13%
619Click
13%
604Click
13%
621Click
13%
636Click
13%
635Click
13%
634Click
13%
633Click
13%
632Click
13%
622Click
13%
631Click
13%
630Click
13%
629Click
13%
628Click
13%
627Click
13%
626Click
13%
625Click
13%
624Click
13%
623Click
13%
726Click
12%
727Click
12%
730Click
12%
728Click
12%
729Click
12%
724Click
12%
725Click
12%
717Click
12%
723Click
12%
722Click
12%
721Click
12%
720Click
12%
719Click
12%
718Click
12%
732Click
12%
716Click
12%
715Click
12%
731Click
12%
741Click
12%
733Click
12%
745Click
12%
713Click
12%
999Click
12%
998Click
12%
749Click
12%
748Click
12%
747Click
12%
746Click
12%
744Click
12%
734Click
12%
743Click
12%
742Click
12%
740Click
12%
739Click
12%
738Click
12%
737Click
12%
736Click
12%
735Click
12%
714Click
12%
1000Click
12%
712Click
12%
681Click
12%
688Click
12%
687Click
12%
686Click
12%
685Click
12%
684Click
12%
683Click
12%
682Click
12%
680Click
12%
690Click
12%
679Click
12%
677Click
12%
676Click
12%
675Click
12%
672Click
12%
673Click
12%
674Click
12%
711Click
12%
689Click
12%
678Click
12%
691Click
12%
702Click
12%
710Click
12%
692Click
12%
709Click
12%
708Click
12%
707Click
12%
705Click
12%
704Click
12%
703Click
12%
706Click
12%
701Click
12%
696Click
12%
693Click
12%
694Click
12%
700Click
12%
695Click
12%
697Click
12%
698Click
12%
699Click
12%
920Click
11%
910Click
11%
911Click
11%
912Click
11%
913Click
11%
914Click
11%
915Click
11%
916Click
11%
917Click
11%
909Click
11%
918Click
11%
919Click
11%
930Click
11%
921Click
11%
922Click
11%
923Click
11%
924Click
11%
925Click
11%
926Click
11%
927Click
11%
928Click
11%
929Click
11%
931Click
11%
932Click
11%
933Click
11%
934Click
11%
907Click
11%
908Click
11%
887Click
11%
906Click
11%
890Click
11%
878Click
11%
879Click
11%
880Click
11%
881Click
11%
882Click
11%
883Click
11%
884Click
11%
885Click
11%
886Click
11%
936Click
11%
888Click
11%
889Click
11%
891Click
11%
905Click
11%
892Click
11%
893Click
11%
894Click
11%
895Click
11%
896Click
11%
897Click
11%
898Click
11%
899Click
11%
900Click
11%
901Click
11%
902Click
11%
903Click
11%
904Click
11%
935Click
11%
957Click
11%
937Click
11%
983Click
11%
971Click
11%
972Click
11%
973Click
11%
974Click
11%
975Click
11%
976Click
11%
977Click
11%
978Click
11%
979Click
11%
980Click
11%
981Click
11%
982Click
11%
984Click
11%
969Click
11%
985Click
11%
986Click
11%
987Click
11%
988Click
11%
989Click
11%
990Click
11%
991Click
11%
992Click
11%
993Click
11%
994Click
11%
995Click
11%
996Click
11%
997Click
11%
970Click
11%
968Click
11%
938Click
11%
952Click
11%
939Click
11%
940Click
11%
941Click
11%
942Click
11%
943Click
11%
944Click
11%
945Click
11%
946Click
11%
947Click
11%
948Click
11%
949Click
11%
950Click
11%
951Click
11%
953Click
11%
967Click
11%
954Click
11%
955Click
11%
956Click
11%
876Click
11%
958Click
11%
959Click
11%
960Click
11%
961Click
11%
962Click
11%
963Click
11%
964Click
11%
965Click
11%
966Click
11%
877Click
11%
856Click
11%
875Click
11%
795Click
11%
783Click
11%
784Click
11%
785Click
11%
786Click
11%
787Click
11%
788Click
11%
789Click
11%
790Click
11%
791Click
11%
792Click
11%
793Click
11%
794Click
11%
796Click
11%
781Click
11%
797Click
11%
798Click
11%
799Click
11%
800Click
11%
801Click
11%
802Click
11%
803Click
11%
804Click
11%
805Click
11%
806Click
11%
807Click
11%
808Click
11%
809Click
11%
782Click
11%
780Click
11%
811Click
11%
764Click
11%
750Click
11%
751Click
11%
752Click
11%
753Click
11%
755Click
11%
756Click
11%
757Click
11%
758Click
11%
759Click
11%
760Click
11%
761Click
11%
762Click
11%
763Click
11%
765Click
11%
779Click
11%
766Click
11%
767Click
11%
768Click
11%
769Click
11%
770Click
11%
771Click
11%
772Click
11%
773Click
11%
774Click
11%
775Click
11%
776Click
11%
777Click
11%
778Click
11%
810Click
11%
812Click
11%
874Click
11%
859Click
11%
846Click
11%
847Click
11%
848Click
11%
849Click
11%
850Click
11%
851Click
11%
852Click
11%
853Click
11%
854Click
11%
855Click
11%
857Click
11%
858Click
11%
860Click
11%
844Click
11%
861Click
11%
862Click
11%
863Click
11%
864Click
11%
865Click
11%
866Click
11%
867Click
11%
868Click
11%
869Click
11%
870Click
11%
871Click
11%
872Click
11%
873Click
11%
845Click
11%
843Click
11%
813Click
11%
827Click
11%
814Click
11%
815Click
11%
816Click
11%
817Click
11%
818Click
11%
819Click
11%
820Click
11%
821Click
11%
822Click
11%
823Click
11%
824Click
11%
825Click
11%
826Click
11%
828Click
11%
842Click
11%
829Click
11%
830Click
11%
831Click
11%
832Click
11%
833Click
11%
834Click
11%
835Click
11%
836Click
11%
837Click
11%
838Click
11%
839Click
11%
840Click
11%
841Click
11%
754Click
11%

Score Distribution

Percentile by Number Answered

Percent of People with Each Score

Your Score History

You have not taken this quiz